[Event "Izhevsk Corporation Cup-A 4th"]
[Site "Izhevsk"]
[Date "2012.07.18"]
[Round "4"]
[White "Glukhov, Alexandr"]
[Black "Kotlyar, Kirill"]
[Result "1/2-1/2"]
[WhiteElo "2141"]
[BlackElo "2256"]
[PlyCount "84"]
[EventDate "2012.07.15"]
[EventType "swiss"]
[EventRounds "9"]
[EventCountry "RUS"]
[SourceTitle "EXT 2013"]
[Source "ChessBase"]
[SourceDate "2012.11.22"]
[SourceVersion "1"]
[SourceVersionDate "2012.11.22"]
[SourceQuality "1"]

1. e4 c5 2. Nf3 d6 3. d4 cxd4 4. Nxd4 Nf6 5. Nc3 Nc6 6. g3 h5 7. Bg2 Bd7 8. Bg5 Qa5 9. h4 Qb6 10. Nb3 e6 11. 0-0 Be7 12. a4 Ne5 13. a5 Qc7 14. a6 bxa6 15. Rxa6 0-0 16. Bxf6 Bxf6 17. Qxd6 Qc8 18. Ra2 Rd8 19. Qc5 Qb8 20. f4 Rc8 21. Qa5 Nc4 22. Qxh5 Bxc3 23. bxc3 Ne3 24. Rf3 Nxg2 25. Kxg2 Bc6 26. Re3 f5 27. Nd2 Rd8 28. Qe2 Qc7 29. Kh2 Rab8 30. exf5 exf5 31. Nb3 Be4 32. Ra1 a5 33. Kh3 Ra8 34. Nd2 Bxc2 35. Nf3 Bb3 36. Ng5 Qc6 37. Re1 Rf8 38. Re7 a4 39. Qe5 Qf6 40. Qb5 Qxc3 41. R1e5 Qa1 42. Qb7 Qf1+ 1/2-1/2

[Event "Izhevsk Corporation Cup-A 4th"]
[Site "Izhevsk"]
[Date "2012.07.17"]
[Round "3"]
[White "Smirnov, Alexey1"]
[Black "Glukhov, Alexandr"]
[Result "0-1"]
[WhiteElo "2414"]
[BlackElo "2141"]
[PlyCount "62"]
[EventDate "2012.07.15"]
[EventType "swiss"]
[EventRounds "9"]
[EventCountry "RUS"]
[SourceTitle "EXT 2013"]
[Source "ChessBase"]
[SourceDate "2012.11.22"]
[SourceVersion "1"]
[SourceVersionDate "2012.11.22"]
[SourceQuality "1"]

1. d4 d5 2. c4 c6 3. Nf3 Nf6 4. Nc3 e6 5. e3 Nbd7 6. Bd3 dxc4 7. Bxc4 b5 8. Bd3 a6 9. e4 c5 10. d5 c4 11. dxe6 fxe6 12. Bc2 Qc7 13. 0-0 Bb7 14. Ng5 Nc5 15. f4 Qc6 16. Qe2 h6 17. e5 hxg5 18. Bg6+ Ke7 19. exf6+ gxf6 20. fxg5 Bg7 21. Be3 b4 22. gxf6+ Bxf6 23. Qf2 Nd7 24. Ne4 Rag8 25. Nxf6 Rxg6 26. Nd5+ exd5 27. Bd4 Rh7 28. Rae1+ Kd8 29. Qe3 Kc7 30. b3 Rg4 31. Rc1 Qh6 0-1